000 00631nam a2200181 i 4500
001 32180
003 ES-MaACL
005 20250903084336.0
007 t|
008 030303s1897 sp ||||1| spa d
245 0 0 _aCatálogo de algunas obras que se hallan en venta en la librería de la calle Sagasta num. 28 ...
_b: número 1º, junio 1897.
260 _aMadrid :
_b[s.n.],
_c1897 (
_fImp. de Enrique F. de Rojas)
300 _a34 p. ;
_c19 cm.
650 7 _aCatálogos de editores-
_yS.XIX
_2
_9169796
650 7 _aCatálogos de editores-
_yS.XX
_2
_9169795
852 _aES-MaACL
_jT-966-F-1
999 _c32180
_d32180